series de A-Z - Statistics

Estatísticas Gerais
  • Esse quiz foi jogado 204 vezes
  • A pontuação média é 2 de 26
Estatísticas das Respostas
a-z series % Correto
S stranger things
51%
B brooklyn 99
29%
A american horror story
22%
O outer banks
13%
E euphoria
12%
N narcus
10%
H house
8%
P pll
7%
G gilmore girls
6%
M modern family
6%
C criminal minds
3%
I icarly
3%
J jane the virgin
3%
T this is us
3%
D doctor who
2%
L loki
2%
F fear the walking dead
1%
K killing eve
1%
R revenge
1%
U utopia
1%
X xena a princesa guerreira
1%
Z z nation
1%
Q quantico
0%
V virgin river
0%
W warrior run
0%
Y y: the last man
0%
Nenhum quiz correspondente encontrado
Distribuição das Pontuações
Porcentagem de Pessoas com Cada Pontuação
Percentil de Números Respondidos
Sua Pontuação Histórica
Você não jogou esse quiz